000 00640nam a22002057a 4500
005 20170809163336.0
010 _aENG-119605
020 _a9788123018775
_c240.00
035 _aEN-103137
037 _bDBAD/PUB
082 _a250.51
245 _aThe gospel of Buddha /
_ccompilied and edited by Paul Carus ; illustrated by O. Kopetzky
260 _aNew Delhi
_bPublications Division
_c2016
270 _aSoochna Bhawan, CGO Complex, Lodhi Road. New Delhi-110003
300 _a132p
_c23cm.(pbk)
500 _aIncludes index
700 _aCarus,Paul
700 _aKopetzky,O.
942 _2ddc
_cEN
_h250.51
_mTHE
999 _c143210
_d143210